La casa del árbol.
সংরক্ষণ করুন:
| প্রধান লেখক: | |
|---|---|
| বিন্যাস: | গ্রন্থ |
| প্রকাশিত: |
Buenos Aires, Argentina:
Adriana Hidalgo,
2010.
|
| সংস্করন: | 1a.ed. |
| মালা: | Pipala.
|
| বিষয়গুলি: | |
| ট্যাগগুলো: |
ট্যাগ যুক্ত করুন
কোনো ট্যাগ নেই, প্রথমজন হিসাবে ট্যাগ করুন!
|
MARC
| LEADER | 00000nam a22000007a 4500 | ||
|---|---|---|---|
| 003 | CL-VaPUC | ||
| 005 | 20250321101917.0 | ||
| 008 | 250113t2010 ||||| |||| 00| 0 eng d | ||
| 999 | |c 446458 |d 446456 | ||
| 020 | |a 978-8492857272 | ||
| 040 | |c Pontificia Universidad Católica de Valparaíso | ||
| 082 | 7 | |2 22 |a 808.068 TOL 2010 | |
| 100 | 1 | |a Tolman, Marije |e autora |e ilustraciones |9 895269 | |
| 245 | 1 | 3 | |a La casa del árbol. |
| 250 | |a 1a.ed. | ||
| 260 | |a Buenos Aires, Argentina: |b Adriana Hidalgo, |c 2010. | ||
| 300 | |a 32 páginas : |b ilusrtaciones. | ||
| 490 | |a Pipala. | ||
| 500 | |a c.1-c.3. Instituto Arcos 8-1-2025 | ||
| 583 | |c 20250113 |k Cristina María Rojas Aguilar | ||
| 650 | 0 | |a Literatura infantil |9 307465 |x Ilustraciones | |
| 650 | |a Cuentos infantiles |x Ilustraciones |9 895270 | ||
| 942 | |2 ddc |c BK |n 0 | ||
| 952 | |0 0 |1 0 |2 ddc |4 0 |6 808_068000000000000_TOL_2010 |7 0 |8 A |9 599174 |a BIBINC |b BIBINC |d 2025-01-13 |e Instituto Arcos |i 56634157 |l 1 |o 808.068 TOL 2010 |p 5664157 |r 2025-04-15 |s 2025-04-15 |t 1 |w 2025-01-13 |y BK |k IFP | ||
| 952 | |0 0 |1 0 |2 ddc |4 0 |6 808_068000000000000_TOL_2010 |7 0 |8 A |9 599175 |a BIBINC |b BIBINC |d 2025-01-13 |e Instituto Arcos |i 5664158 |o 808.068 TOL 2010 |p 5664158 |r 2025-01-13 |t 2 |w 2025-01-13 |y BK |k IFP | ||
| 952 | |0 0 |1 0 |2 ddc |4 0 |6 808_068000000000000_TOL_2010 |7 0 |8 A |9 599176 |a BIBINC |b BIBINC |d 2025-01-13 |e Instituto Arcos |i 5664159 |o 808.068 TOL 2010 |p 5664159 |r 2025-01-13 |t 3 |w 2025-01-13 |y BK |k IFP | ||